| 000 | 00945nas a2200301 4500 | ||
|---|---|---|---|
| 001 | BR8400105 | ||
| 003 | BR-BrBNA | ||
| 005 | 20231205085742.0 | ||
| 007 | ta | ||
| 008 | 230509b bl.|||p| |||| 00| 00por d | ||
| 040 |
_aBR-BrBNA _bpor _cBiblioteca Nacional de Agricultura |
||
| 041 | _a(Pt) | ||
| 072 | _aL73 | ||
| 100 | 1 | _aBrito, J.R.F. | |
| 100 | 1 | _aMores, N. | |
| 100 | 1 | _aBrito, M.A.V.P. | |
| 100 | 1 | _aPiffer, I.A. | |
| 100 | 1 | _aLorenzetti, C. | |
| 245 | 1 | _aEficiencia de dois esquemas de vacinacao contra a rinite atrofica em rebanhos suinos | |
| 246 | 1 | _aEfficiency of two vaccination schemes against atrophic rhinitis in swine herds | |
| 650 | _aSUÍNO | ||
| 650 | _aRINITE ATROFICA | ||
| 650 | _aVACINA | ||
| 650 | _aBACTERICIDA | ||
| 773 | 0 |
_tPesquisa Agropecuaria Brasileira (Brazil) _xISSN 0100-204X _g(Jun 1983), v. 18(6) p. 657-662 _wBR8400105 |
|
| 909 |
_a202311 _bLúcia _c55 _dLúcia Elande |
||
| 942 |
_2AGRIS _n0 _cANA |
||
| 999 |
_c113567 _d113567 |
||